[Event "Torneo A"]
[Site "Corsico ITA"]
[Date "1994.04.24"]
[Round "3"]
[White "Gandolfi, Gianfranco"]
[Black "Pappalardo, Paolo"]
[WhiteElo "1716"]
[BlackElo "1812"]
[Result "0-1"]
[PlyCount "74"]
[EventDate "1994.04.22"]

1. e4 c5 2. Nf3 Nc6 3. d4 cxd4 4. Nxd4 Nf6 5. Nc3 e5 6. Ndb5 d6 7. Bg5 a6 8.
Na3 b5 9. Nd5 Be7 10. Bxf6 Bxf6 11. c3 O-O 12. Nc2 Bg5 13. Bd3 Be6 14. Nce3
Bxe3 15. Nxe3 Rc8 16. O-O Ne7 17. f4 Qb6 18. Qd2 exf4 19. Rxf4 Ng6 20. Rf2 Ne5
21. Bc2 Rfd8 22. Kh1 Qc6 23. Nd5 Bxd5 24. exd5 Qc5 25. Raf1 Re8 26. Qg5 Rc7 27.
Rf4 Ng6 28. Re4 Rxe4 29. Qd8+ Nf8 30. Bxe4 Qc4 31. Re1 Rc8 32. Qxd6 Re8 33. Qf4
Ng6 34. Qf5 Re5 35. d6 Rxf5 36. Bxf5 Ne5 37. d7 Qd5 0-1

[Event "Torneo A"]
[Site "Corsico ITA"]
[Date "1994.04.24"]
[Round "3"]
[White "Gazzarri, Alberto"]
[Black "Varinelli, Sara"]
[WhiteElo "1984"]
[BlackElo "1600"]
[Result "1-0"]
[PlyCount "87"]
[EventDate "1994.04.22"]

1. e4 e5 2. Nf3 Nc6 3. d4 exd4 4. Bc4 Bb4+ 5. c3 Be7 6. O-O d3 7. Qxd3 d6 8.
Bf4 Be6 9. Nbd2 Nf6 10. Rfe1 O-O 11. Rad1 h6 12. h3 a6 13. b4 Re8 14. Nf1 b5
15. Bb3 Rb8 16. Qb1 Qc8 17. Bxe6 Qxe6 18. Nd4 Qd7 19. Nf5 Bf8 20. f3 Kh8 21.
Qc1 Kh7 22. Qc2 Kh8 23. Qd2 Kh7 24. Qe2 Kh8 25. Qf2 Nh5 26. Bc1 Qe6 27. N1e3
Rbc8 28. Nd5 Nf6 29. Nf4 Qd7 30. a3 Ne5 31. Be3 Kh7 32. Nd3 Ng6 33. Nc5 Qc6 34.
Nd4 Qb6 35. Ncb3 c5 36. Nf5 Qc6 37. Na5 Qc7 38. Rc1 d5 39. exd5 Nxd5 40. Nb3
Nxe3 41. Rxe3 Qf4 42. Rce1 Rxe3 43. Nxe3 cxb4 44. cxb4 1-0

[Event "Torneo A"]
[Site "Corsico ITA"]
[Date "1994.04.24"]
[Round "3"]
[White "Zanetti, Alberto"]
[Black "Fasoli, Stefano"]
[WhiteElo "2082"]
[BlackElo "1729"]
[Result "0-1"]
[PlyCount "44"]
[EventDate "1994.04.22"]

1. e4 e6 2. d4 d5 3. Nc3 dxe4 4. Nxe4 Nd7 5. Nf3 Ngf6 6. Nxf6+ Nxf6 7. Bd3 b6
8. O-O Bb7 9. Bg5 Be7 10. Qe2 O-O 11. Rad1 h6 12. Bc1 Re8 13. c4 Qc8 14. a3 a5
15. Ne5 c5 16. Bb1 cxd4 17. Rxd4 Qc5 18. Rf4 Bd6 19. Re1 Rad8 20. h3 Qxe5 21.
Qd1 Bb8 22. Bd2 Qxf4 0-1

[Event "Torneo A"]
[Site "Corsico ITA"]
[Date "1994.04.24"]
[Round "4"]
[White "Bisignano, Giuseppe"]
[Black "Gandolfi, Gianfranco"]
[WhiteElo "1668"]
[BlackElo "1716"]
[Result "1-0"]
[PlyCount "69"]
[EventDate "1994.04.22"]

1. e4 c5 2. Nf3 d6 3. d4 cxd4 4. Nxd4 Nf6 5. Nc3 a6 6. Be2 e6 7. Be3 Qc7 8. O-O
Be7 9. h3 Nc6 10. a3 O-O 11. Qd2 b6 12. f4 Nxd4 13. Bxd4 Bb7 14. Bxf6 Bxf6 15.
Bd3 Bxc3 16. bxc3 Rac8 17. c4 b5 18. cxb5 axb5 19. Rab1 Qc5+ 20. Kh1 Qxa3 21.
Rxb5 Bc6 22. Rh5 g6 23. Rh4 Qb2 24. Qe3 Qf6 25. Rg4 h5 26. Rg5 Qc3 27. f5 exf5
28. exf5 Be8 29. fxg6 fxg6 30. Qe6+ Kg7 31. Qe7+ Bf7 32. Rxg6+ Kh8 33. Rxf7
Rxf7 34. Qxf7 Qe1+ 35. Bf1 1-0

[Event "Torneo A"]
[Site "Corsico ITA"]
[Date "1994.04.24"]
[Round "4"]
[White "Mione, Dario"]
[Black "Turturici, Pellegrino"]
[WhiteElo "1633"]
[BlackElo "1914"]
[Result "1-0"]
[PlyCount "67"]
[EventDate "1994.04.22"]

1. e4 c5 2. Nf3 d6 3. d4 cxd4 4. Nxd4 Nf6 5. Nc3 a6 6. Bg5 Qa5 7. Qd2 Nc6 8.
Nb3 Qd8 9. O-O-O h6 10. Bh4 g5 11. Bg3 e5 12. h4 Rg8 13. hxg5 hxg5 14. f3 Be6
15. Bf2 Rc8 16. Kb1 Nb4 17. a3 Bxb3 18. cxb3 Nc6 19. Be3 Be7 20. b4 b5 21. Bxg5
Nxe4 22. Nxe4 Bxg5 23. Nxd6+ Kf8 24. Qd5 Rc7 25. Rh7 Rg7 26. Rxg7 Kxg7 27. Bd3
Kf8 28. Rh1 Qd7 29. Rh8+ Ke7 30. Rh7 Nd8 31. Qxe5+ Ne6 32. Rxf7+ Kd8 33. Rxd7+
Kxd7 34. Bf5 1-0

[Event "Torneo A"]
[Site "Corsico ITA"]
[Date "1994.04.25"]
[Round "5"]
[White "Fasoli, Stefano"]
[Black "Ottolini, Graziano"]
[WhiteElo "1729"]
[BlackElo "1767"]
[Result "1/2-1/2"]
[PlyCount "65"]
[EventDate "1994.04.22"]

1. d4 Nf6 2. Nc3 g6 3. e4 d6 4. Bc4 Bg7 5. Qe2 Nc6 6. Nf3 Bg4 7. Be3 e5 8. Bb5
exd4 9. Bxc6+ bxc6 10. Bxd4 O-O 11. O-O Re8 12. Qd3 c5 13. Be3 Bxf3 14. gxf3
Nh5 15. Ne2 Bxb2 16. Rab1 Bg7 17. Rb7 Qc8 18. Rfb1 Qh3 19. Ng3 Be5 20. Qf1 Qh4
21. Rxc7 Re7 22. Rcb7 Rae8 23. Qg2 Nf4 24. Bxf4 Rxb7 25. Rxb7 Qxf4 26. Nf1 Qc1
27. Qg4 Bxh2+ 28. Kg2 Re5 29. Qc8+ Kg7 30. Nxh2 Rg5+ 31. Ng4 Rh5 32. Rxf7+ Kxf7
33. Qd7+ 1/2-1/2

[Event "Torneo A"]
[Site "Corsico ITA"]
[Date "1994.04.25"]
[Round "5"]
[White "Gazzarri, Alberto"]
[Black "Loda', Domenico"]
[WhiteElo "1984"]
[BlackElo "1701"]
[Result "0-1"]
[PlyCount "42"]
[EventDate "1994.04.22"]

1. e4 c5 2. c3 d5 3. exd5 Qxd5 4. d4 Nf6 5. Nf3 Bg4 6. Be2 e6 7. O-O Be7 8. Be3
cxd4 9. cxd4 Nc6 10. Nc3 Qd8 11. Qb3 Rb8 12. Bf4 Bd6 13. Bxd6 Qxd6 14. Rfd1 O-O
15. Rd2 Bxf3 16. Nb5 Qf4 17. Qxf3 Qxd2 18. Bd3 a6 19. Rd1 Qg5 20. h4 Qxh4 21.
g3 Qg4 0-1

[Event "Torneo A"]
[Site "Corsico ITA"]
[Date "1994.04.25"]
[Round "5"]
[White "Marzano, Carlo"]
[Black "Amedeo, Riccardo"]
[Result "0-1"]
[WhiteElo "2210"]
[BlackElo "1783"]
[PlyCount "86"]
[EventDate "1994.04.22"]

1. d4 Nf6 2. Nf3 g6 3. c4 Bg7 4. Nc3 O-O 5. e4 d6 6. Be2 e5 7. d5 Nh5 8. g3 c5
9. Bg5 Nf6 10. Qd2 Na6 11. Nh4 Nc7 12. Rg1 a6 13. f3 Rb8 14. a4 Bd7 15. Kf2 b5
16. axb5 axb5 17. b3 Qc8 18. g4 b4 19. Nd1 Ra8 20. Rb1 Ra3 21. Bh6 Qd8 22. Qg5
Nxe4+ 23. fxe4 Bf6 24. Qe3 Bxh4+ 25. Kg2 Re8 26. Kh1 Bf6 27. g5 Bg7 28. Bxg7
Kxg7 29. Bg4 Bxg4 30. Rxg4 Rh8 31. Rh4 Ne8 32. Nf2 Qa8 33. Ng4 Ra1 34. Rxa1
Qxa1+ 35. Kg2 Qd4 36. Qf3 Qd2+ 37. Nf2 Qxg5+ 38. Rg4 Qf6 39. Qh3 Qe7 40. Nh1
Nf6 41. Qh4 Kf8 42. Rg3 Nh5 43. Rg5 h6 0-1

[Event "Torneo A"]
[Site "Corsico ITA"]
[Date "1994.04.25"]
[Round "5"]
[White "Pappalardo, Paolo"]
[Black "Cappello, Guido"]
[Result "1/2-1/2"]
[WhiteElo "1812"]
[BlackElo "2270"]
[PlyCount "66"]
[EventDate "1994.04.22"]

1. e4 c5 2. d4 cxd4 3. Nf3 Nc6 4. Nxd4 e5 5. Nb5 a6 6. Nd6+ Bxd6 7. Qxd6 Qf6 8.
Qc7 Nge7 9. Nc3 Nb4 10. Bd3 d5 11. a3 Nxd3+ 12. cxd3 d4 13. Na4 Qc6 14. Qa5 b5
15. Nb6 Qc7 16. Bd2 Rb8 17. Nxc8 Qxa5 18. Nd6+ Kd7 19. Bxa5 Kxd6 20. Bb4+ Kd7
21. Bxe7 Kxe7 22. Rc1 Rhc8 23. Kd2 a5 24. Rxc8 Rxc8 25. Rc1 Rxc1 26. Kxc1 Kd6
27. b4 axb4 28. axb4 Ke6 29. Kd2 Kf6 30. g3 Kg5 31. f3 Kh5 32. Ke2 g5 33. h3
Kg6 1/2-1/2

[Event "Torneo A"]
[Site "Corsico ITA"]
[Date "1994.04.25"]
[Round "5"]
[White "Zanetti, Alberto"]
[Black "Tamburini, Lorenzo"]
[WhiteElo "2082"]
[BlackElo "1567"]
[Result "1-0"]
[PlyCount "90"]
[EventDate "1994.04.22"]

1. d4 Nf6 2. Nf3 e6 3. g3 b6 4. Bg2 Bb7 5. O-O Be7 6. c4 O-O 7. Nc3 Ne4 8. Nxe4
Bxe4 9. Ne1 Bxg2 10. Nxg2 d5 11. cxd5 exd5 12. Be3 c5 13. Qa4 Qd7 14. Qxd7 Nxd7
15. Nf4 Nf6 16. f3 cxd4 17. Bxd4 Bc5 18. Rfd1 Rac8 19. Bxc5 Rxc5 20. Rd2 g5 21.
Nd3 Rc6 22. Rad1 Rd8 23. Nb4 Rcd6 24. e4 R6d7 25. e5 Ne8 26. Rxd5 Rxd5 27. Nxd5
Kg7 28. Kf2 Nc7 29. Nc3 Rxd1 30. Nxd1 Kg6 31. Ne3 Ne6 32. Nc4 Kf5 33. Ke3 h5
34. Nd6+ Kxe5 35. Nxf7+ Kf5 36. Nd6+ Ke5 37. Nc8 Nc7 38. Nxa7 Nd5+ 39. Kd2 Kd4
40. Nb5+ Kc4 41. Nc3 Nb4 42. f4 gxf4 43. gxf4 Nd3 44. f5 Nf2 45. f6 Ng4 1-0

[Event "Torneo A"]
[Site "Corsico ITA"]
[Date "1994.04.26"]
[Round "6"]
[White "Cappello, Guido"]
[Black "Amedeo, Riccardo"]
[Result "1-0"]
[WhiteElo "2270"]
[BlackElo "1783"]
[PlyCount "103"]
[EventDate "1994.04.22"]

1. e4 c5 2. Nf3 e6 3. d4 cxd4 4. Nxd4 Nf6 5. Nc3 d6 6. g4 h6 7. g5 hxg5 8. Bxg5
Be7 9. Qd2 a6 10. O-O-O Nbd7 11. f4 Qc7 12. Kb1 b5 13. e5 dxe5 14. fxe5 Nxe5
15. Bf4 b4 16. Bxe5 bxc3 17. Bxc7 cxd2 18. Bg2 Nd5 19. Bg3 Bh4 20. Rxd2 Bxg3
21. hxg3 Rxh1+ 22. Bxh1 Bb7 23. Rh2 O-O-O 24. a3 e5 25. Nf5 g6 26. Bxd5 Bxd5
27. Ne3 f5 28. Kc1 Bf3 29. Rf2 e4 30. b3 Kc7 31. Rh2 Kc6 32. Rh6 Rd6 33. b4 Kb5
34. Kb2 Bh5 35. Nxf5 Rf6 36. Ne3 Rf3 37. g4 Rxe3 38. gxh5 gxh5 39. Rxh5+ Kc4
40. Rh6 Rf3 41. Rxa6 Kd4 42. Re6 Ke3 43. b5 Rf8 44. a4 Kf3 45. a5 e3 46. a6 e2
47. b6 Rf4 48. a7 Rb4+ 49. Kc3 Ra4 50. b7 Re4 51. Rxe4 Kxe4 52. Kd2 1-0

[Event "Torneo A"]
[Site "Corsico ITA"]
[Date "1994.04.26"]
[Round "6"]
[White "Mione, Dario"]
[Black "Albanesi, Roberto"]
[WhiteElo "1633"]
[BlackElo "1740"]
[Result "1-0"]
[PlyCount "33"]
[EventDate "1994.04.22"]

1. e4 e5 2. Nf3 Nc6 3. Nc3 Nf6 4. d4 exd4 5. Nd5 Nxd5 6. exd5 Nb4 7. Nxd4 Nxd5
8. Nf5 Nf6 9. Qe2+ Be7 10. Nxg7+ Kf8 11. Bh6 Kg8 12. Nh5 d5 13. O-O-O Bf5 14.
Qe5 Bg6 15. Rxd5 Bxh5 16. Rxd8+ Rxd8 17. Be2 1-0

[Event "Torneo A"]
[Site "Corsico ITA"]
[Date "1994.04.26"]
[Round "6"]
[White "Ottolini, Graziano"]
[Black "Ranieri, Fabrizio"]
[WhiteElo "1767"]
[BlackElo "1615"]
[Result "0-1"]
[PlyCount "62"]
[EventDate "1994.04.22"]

1. e4 e6 2. d4 d5 3. Nc3 Bb4 4. e5 c5 5. a3 Bxc3+ 6. bxc3 Qc7 7. Qg4 Ne7 8.
Qxg7 Rg8 9. Qxh7 cxd4 10. Ne2 Nbc6 11. f4 Bd7 12. Rb1 dxc3 13. Qd3 Nf5 14. Nxc3
a6 15. Bd2 Ncd4 16. a4 Rc8 17. g4 Rxg4 18. Bh3 Rg8 19. Bxf5 Nxf5 20. h4 Rg3 21.
Qe2 Rxc3 22. Qh5 Bxa4 23. Rg1 Ke7 24. Qg5+ Kd7 25. Qf6 Rf8 26. h5 Rxc2 27. Rg7
Kc8 28. h6 Rxd2 29. Kxd2 Qc2+ 30. Ke1 Qxb1+ 31. Kf2 Qc2+ 0-1

[Event "Torneo A"]
[Site "Corsico ITA"]
[Date "1994.04.26"]
[Round "6"]
[White "Pappalardo, Paolo"]
[Black "Bisignano, Giuseppe"]
[WhiteElo "1812"]
[BlackElo "1668"]
[Result "1-0"]
[PlyCount "95"]
[EventDate "1994.04.22"]

1. e4 e5 2. Nf3 Nc6 3. Bb5 Nf6 4. O-O d6 5. Bxc6+ bxc6 6. d4 exd4 7. Qxd4 c5 8.
Qd3 Be7 9. c4 O-O 10. Nc3 Rb8 11. b3 Re8 12. Bg5 h6 13. Bh4 Nd7 14. Bxe7 Qxe7
15. Rfe1 Nf8 16. e5 Bb7 17. Nd5 Bxd5 18. Qxd5 Ne6 19. exd6 Qxd6 20. Qxd6 cxd6
21. Rad1 Ng5 22. Rxe8+ Rxe8 23. Rxd6 Re2 24. Rd8+ Kh7 25. Nxg5+ hxg5 26. g3
Rxa2 27. Rd5 Rb2 28. Rxg5 Rxb3 29. Rxc5 Rc3 30. Kf1 Rc2 31. Ke1 a5 32. Kd1 Rxf2
33. Rxa5 Rxh2 34. c5 Rh6 35. Kd2 Rc6 36. Kd3 Kg6 37. Kd4 Kf6 38. Kd5 Re6 39.
Ra7 Re8 40. c6 Re5+ 41. Kd6 Re6+ 42. Kc5 Re3 43. c7 Rc3+ 44. Kd6 Rd3+ 45. Kc6
Rc3+ 46. Kb7 Rb3+ 47. Ka8 Rc3 48. Kb8 1-0

[Event "Torneo A"]
[Site "Corsico ITA"]
[Date "1994.04.26"]
[Round "6"]
[White "Rosin, Federico"]
[Black "Zanetti, Alberto"]
[WhiteElo "1767"]
[BlackElo "2082"]
[Result "1-0"]
[PlyCount "47"]
[EventDate "1994.04.22"]

1. d4 Nf6 2. c4 e6 3. Nc3 Bb4 4. e3 O-O 5. Nge2 d5 6. a3 Be7 7. Ng3 b6 8. cxd5
exd5 9. Bd3 Ba6 10. O-O c5 11. Nf5 Bxd3 12. Qxd3 c4 13. Qc2 Nc6 14. e4 dxe4 15.
d5 Ne5 16. Nxe4 Nxe4 17. Qxe4 Bf6 18. Bd2 Re8 19. Bc3 Rc8 20. Rfe1 g6 21. Qf4
Nd3 22. Rxe8+ Qxe8 23. Nh6+ Kf8 24. Qxf6 1-0

[Event "Torneo A"]
[Site "Corsico ITA"]
[Date "1994.04.26"]
[Round "6"]
[White "Tamburini, Lorenzo"]
[Black "Marzano, Carlo"]
[Result "0-1"]
[WhiteElo "1567"]
[BlackElo "2210"]
[PlyCount "63"]
[EventDate "1994.04.22"]

1. e4 g6 2. d4 Bg7 3. Ne2 d6 4. g3 b5 5. Qd3 a6 6. a3 Bb7 7. Bg2 Nd7 8. Nbc3 c5
9. Be3 cxd4 10. Bxd4 Ne5 11. Qd1 Nf6 12. h3 O-O 13. f4 Nc4 14. b3 Nxa3 15. Nd5
Nxd5 16. exd5 Bxd4 17. Nxd4 Qa5+ 18. Ke2 b4 19. c4 bxc3 20. Qc1 Qc5 21. Rxa3
Qxd4 22. Ra4 Qc5 23. Rc4 Qb5 24. Rd1 Qxb3 25. Rdd4 Rfc8 26. Rb4 Qa2+ 27. Kf1
Rc7 28. Kg1 a5 29. Rb6 c2 30. Bf1 Bxd5 31. Rb2 Qxb2 32. Qxb2 0-1

[Event "IV Festival Magistrale"]
[Site "Amantea ITA"]
[Date "1994.09.??"]
[Round "?"]
[White "Borgo, Giulio"]
[Black "Ortega Izquierdo, Alejandro"]
[Result "0-1"]
[WhiteElo "2320"]
[BlackElo "2305"]
[PlyCount "86"]
[EventDate "1994.09.18"]

1. e4 c5 2. Nf3 d6 3. d4 cxd4 4. Nxd4 Nf6 5. f3 a6 6. c4 e6 7. Be3 Be7 8. Nc3
O-O 9. Be2 b6 10. O-O Bb7 11. Rc1 Nbd7 12. a3 Re8 13. b4 Rc8 14. Qb3 Qc7 15.
Rfd1 Qb8 16. Bf2 Bd8 17. Kh1 Bc7 18. Bg1 h5 19. Qa2 Ne5 20. Bf1 h4 21. Qf2 Ng6
22. Nde2 Bd8 23. Qd4 Ne5 24. Na4 Rc6 25. b5 axb5 26. cxb5 Rxc1 27. Nxc1 d5 28.
Nxb6 dxe4 29. f4 Nf3 30. gxf3 Qxf4 31. Be3 Qxf3+ 32. Bg2 Bxb6 33. Bxf3 Bxd4 34.
Rxd4 exf3 35. Kg1 Rc8 36. a4 e5 37. Rb4 Nd5 38. Rb3 Nxe3 39. Nd3 Rc2 40. a5
Rg2+ 41. Kh1 f2 42. Nxf2 Rxf2+ 43. Kg1 Rf1# 0-1

[Event "IV Festival Magistrale"]
[Site "Amantea ITA"]
[Date "1994.09.??"]
[Round "?"]
[White "Borgo, Giulio"]
[Black "Tondo, Salvatore"]
[Result "0-1"]
[WhiteElo "2320"]
[BlackElo "1947"]
[PlyCount "52"]
[EventDate "1994.09.18"]

1. e4 c5 2. Nf3 Nc6 3. d4 cxd4 4. Nxd4 e5 5. Nb5 a6 6. Nd6+ Bxd6 7. Qxd6 Qf6 8.
Qd1 Qg6 9. Nc3 d5 10. Nxd5 Qxe4+ 11. Be3 Nd4 12. Nc7+ Ke7 13. Nxa8 Nxc2+ 14.
Kd2 Nxe3 15. fxe3 Nf6 16. Qb3 Rd8+ 17. Ke1 Ng4 18. Rc1 Be6 19. Qa3+ Kf6 20. Be2
Nxe3 21. Rc3 Nxg2+ 22. Kf2 Nf4 23. Re1 Rd2 24. Rf3 Rxe2+ 25. Rxe2 Qxe2+ 26. Kg1
Qg2# 0-1

[Event "IV Festival Magistrale"]
[Site "Amantea ITA"]
[Date "1994.09.??"]
[Round "?"]
[White "Contin, Daniel"]
[Black "Shnaider, David"]
[Result "1-0"]
[WhiteElo "2425"]
[BlackElo "2300"]
[PlyCount "73"]
[EventDate "1994.09.18"]

1. c4 e5 2. Nc3 Nc6 3. g3 d6 4. Bg2 Be6 5. d3 Qd7 6. Rb1 g6 7. b4 Bg7 8. Nd5
Nd8 9. e4 c6 10. Ne3 Ne7 11. b5 O-O 12. Ne2 Bh3 13. Bxh3 Qxh3 14. Ba3 Qd7 15.
d4 exd4 16. Nxd4 Re8 17. O-O Nc8 18. Qd3 h5 19. Rbe1 a6 20. bxc6 bxc6 21. f4
Qa7 22. Nb3 a5 23. c5 a4 24. cxd6 axb3 25. d7 Re6 26. dxc8=Q Rxc8 27. f5 gxf5
28. Qxb3 Rb8 29. Bc5 Qc7 30. Qd1 Qe5 31. exf5 Qxc5 32. fxe6 Nxe6 33. Qf3 Ng5
34. Qf5 Bd4 35. Qxc5 Bxc5 36. Rf5 Rb5 37. Rxg5+ 1-0

[Event "IV Festival Magistrale"]
[Site "Amantea ITA"]
[Date "1994.09.??"]
[Round "?"]
[White "Fiore, Mario"]
[Black "Bogdanovski, Vlatko"]
[Result "1-0"]
[WhiteElo "2270"]
[BlackElo "2465"]
[PlyCount "89"]
[EventDate "1994.09.18"]

1. e4 Nf6 2. e5 Nd5 3. d4 d6 4. Nf3 Bg4 5. Be2 e6 6. c4 Nb6 7. h3 Bh5 8. Nc3
Be7 9. O-O O-O 10. Be3 a6 11. b3 d5 12. c5 N6d7 13. b4 Nc6 14. Qb3 f6 15. Nxd5
fxe5 16. Nxe7+ Qxe7 17. g4 Bg6 18. dxe5 Ndxe5 19. Nxe5 Nxe5 20. f4 Nc6 21. Bf3
Rad8 22. Rad1 Bf7 23. Qb2 h5 24. Rxd8 Rxd8 25. Rd1 Rxd1+ 26. Bxd1 e5 27. Bf3
exf4 28. Bxf4 hxg4 29. hxg4 Qe1+ 30. Kg2 Bc4 31. a3 Bf1+ 32. Kh2 Bc4 33. Bxc7
Qh4+ 34. Kg2 Be6 35. Bg3 Qg5 36. Qe2 Kf7 37. Qe4 Qd2+ 38. Bf2 Qg5 39. Be3 Qe7
40. a4 Qd7 41. b5 axb5 42. axb5 Na7 43. Qf4+ Ke7 44. c6 bxc6 45. Bc5+ 1-0

[Event "IV Festival Magistrale"]
[Site "Amantea ITA"]
[Date "1994.09.??"]
[Round "?"]
[White "Fiore, Mario"]
[Black "Djuric, Stefan"]
[Result "1-0"]
[WhiteElo "2270"]
[BlackElo "2485"]
[PlyCount "89"]
[EventDate "1994.09.18"]

1. e4 c5 2. Nf3 e6 3. c3 Qa5 4. Be2 d6 5. O-O Nf6 6. e5 dxe5 7. Nxe5 Nbd7 8. d4
Qc7 9. Bf4 Nxe5 10. Bxe5 Bd6 11. Qa4+ Nd7 12. Bxd6 Qxd6 13. dxc5 Qxc5 14. Rd1
O-O 15. Rxd7 Bxd7 16. Qxd7 Rfd8 17. Qa4 Rac8 18. Qf4 e5 19. Qe3 Qxe3 20. fxe3
e4 21. Na3 Rd2 22. Bg4 Rc5 23. Rd1 Rcd5 24. Rxd2 Rxd2 25. Nc4 Rc2 26. a4 g6 27.
Kf1 Rc1+ 28. Kf2 f5 29. Be2 Rb1 30. b4 Rc1 31. Nd6 Rxc3 32. Nxb7 Kg7 33. b5 Kf6
34. Na5 Ra3 35. Bd1 Ra2+ 36. Kf1 Rd2 37. Ke1 Rxg2 38. Nc6 Rxh2 39. Be2 g5 40.
Nxa7 f4 41. b6 f3 42. Bb5 f2+ 43. Ke2 g4 44. b7 g3 45. b8=Q 1-0

[Event "IV Festival Magistrale"]
[Site "Amantea ITA"]
[Date "1994.09.??"]
[Round "?"]
[White "Komarov, Dimitri"]
[Black "Kutirov, Rolando"]
[Result "1-0"]
[WhiteElo "2565"]
[BlackElo "2330"]
[PlyCount "57"]
[EventDate "1994.09.18"]

1. d4 d5 2. c4 c6 3. Nc3 Nf6 4. e3 Bg4 5. f3 Bf5 6. cxd5 cxd5 7. Qb3 Bc8 8. Bd3
Nc6 9. Nge2 e6 10. Bd2 Be7 11. Rc1 O-O 12. Na4 e5 13. dxe5 Nxe5 14. Nd4 Nxd3+
15. Qxd3 Bd6 16. O-O Qe7 17. Be1 Re8 18. Bf2 Be6 19. Bh4 Bd7 20. Nc3 Qxe3+ 21.
Qxe3 Rxe3 22. Bxf6 gxf6 23. Nxd5 Be5 24. Rfd1 Re1+ 25. Rxe1 Bxd4+ 26. Kh1 Rd8
27. Red1 Bxb2 28. Rb1 Be5 29. f4 1-0

[Event "IV Festival Magistrale"]
[Site "Amantea ITA"]
[Date "1994.09.??"]
[Round "?"]
[White "Komarov, Dimitri"]
[Black "Smagin, Sergey B."]
[Result "1-0"]
[WhiteElo "2565"]
[BlackElo "2540"]
[PlyCount "57"]
[EventDate "1994.09.18"]

1. d4 Nf6 2. Nf3 d5 3. c4 e6 4. Nc3 Nbd7 5. Bg5 c6 6. e3 Qa5 7. Nd2 Bb4 8. Qc2
O-O 9. Be2 e5 10. O-O exd4 11. Nb3 Qb6 12. exd4 dxc4 13. Bxc4 Qc7 14. Nd2 Ng4
15. Nf3 Bd6 16. g3 Nb6 17. Bb3 Kh8 18. Rfe1 f6 19. Bd2 Bd7 20. Ne4 Bf5 21. Nh4
Bd7 22. h3 Nh6 23. Nxd6 Qxd6 24. Bf4 Qb4 25. a3 Qa5 26. Bxh6 gxh6 27. Re7 f5
28. Qc5 Qb5 29. Rxh7+ 1-0

[Event "IV Festival Magistrale"]
[Site "Amantea ITA"]
[Date "1994.09.??"]
[Round "?"]
[White "Nicevski, Risto"]
[Black "Smagin, Sergey B."]
[Result "0-1"]
[WhiteElo "2335"]
[BlackElo "2540"]
[PlyCount "66"]
[EventDate "1994.09.18"]

1. f4 d5 2. e3 Nf6 3. b3 d4 4. Bd3 Nc6 5. Nf3 Nb4 6. Qe2 dxe3 7. dxe3 Nxd3+ 8.
cxd3 e6 9. O-O Be7 10. Bb2 O-O 11. Nbd2 b6 12. Ne5 Bb7 13. f5 exf5 14. Rxf5 Ne8
15. Ndc4 f6 16. Ng4 Nd6 17. Rf4 Qd7 18. e4 Rad8 19. Nce3 Nb5 20. Nf5 Bc5+ 21.
Kh1 Qxd3 22. Ngh6+ Kh8 23. Qh5 g6 24. Qh4 Nc3 25. Rc1 Qd2 26. Bxc3 Qxc1+ 27.
Be1 Bb4 28. Rf1 Bxe1 29. g3 Qg5 30. Qh3 gxf5 31. Rxe1 Bxe4+ 32. Kg1 Qd2 33. Qf1
Qxh6 0-1

[Event "IV Festival Magistrale"]
[Site "Amantea ITA"]
[Date "1994.09.??"]
[Round "?"]
[White "Novikov, Igor A."]
[Black "Djuric, Stefan"]
[Result "1/2-1/2"]
[WhiteElo "2570"]
[BlackElo "2485"]
[PlyCount "102"]
[EventDate "1994.09.18"]

1. d4 Nf6 2. c4 e6 3. Nf3 Bb4+ 4. Bd2 Qe7 5. g3 Nc6 6. Nc3 O-O 7. Bg2 d6 8. d5
Nb8 9. O-O e5 10. a3 Bxc3 11. Bxc3 Nbd7 12. b4 a5 13. Qc2 Nb6 14. Nd2 axb4 15.
axb4 Bg4 16. f3 Bd7 17. e4 c6 18. dxc6 bxc6 19. Rfb1 Be6 20. Bf1 h5 21. Ra5
Rfd8 22. Rba1 h4 23. Rxa8 Nxa8 24. Nb3 hxg3 25. hxg3 Nh5 26. Be1 Qf6 27. Qf2 d5
28. Na5 Bd7 29. Nb7 Rb8 30. Nc5 Be8 31. cxd5 cxd5 32. exd5 Nb6 33. Rd1 Qd6 34.
Ne4 Qg6 35. d6 Nf4 36. Nc5 Bc6 37. d7 Rd8 38. Nd3 Nxd7 39. b5 Bb7 40. Nc5 Bd5
41. Nxd7 Rxd7 42. Qe3 Qg5 43. Kf2 Rd6 44. Rxd5 Rxd5 45. gxf4 exf4 46. Qe8+ Kh7
47. Qe4+ g6 48. Qe8 Qf6 49. Bc3 Qh4+ 50. Ke2 Qh2+ 51. Ke1 Qg3+ 1/2-1/2

[Event "IV Festival Magistrale"]
[Site "Amantea ITA"]
[Date "1994.09.??"]
[Round "?"]
[White "Novikov, Igor A."]
[Black "Komarov, Dimitri"]
[Result "1/2-1/2"]
[WhiteElo "2570"]
[BlackElo "2565"]
[PlyCount "54"]
[EventDate "1994.09.18"]

1. d4 Nf6 2. c4 e6 3. Nf3 b6 4. g3 Bb7 5. Bg2 Be7 6. O-O O-O 7. b3 d5 8. Nc3 c5
9. Ne5 cxd4 10. Qxd4 Nbd7 11. Bb2 Nc5 12. cxd5 exd5 13. Rfd1 Ne6 14. Qd3 Rc8
15. Rac1 Bd6 16. Nxd5 Bxd5 17. Rxc8 Qxc8 18. Bxd5 Bxe5 19. Bxe5 Nxd5 20. Qxd5
Rd8 21. Bd6 Qc2 22. Rd2 Qc1+ 23. Rd1 Qc2 24. Qd2 Qc6 25. b4 h6 26. h4 Nc7 27.
Rc1 Rxd6 1/2-1/2

[Event "IV Festival Magistrale"]
[Site "Amantea ITA"]
[Date "1994.09.??"]
[Round "?"]
[White "Ortega Izquierdo, Alejandro"]
[Black "Kutirov, Rolando"]
[Result "1/2-1/2"]
[WhiteElo "2305"]
[BlackElo "2330"]
[PlyCount "122"]
[EventDate "1994.09.18"]

1. d4 d5 2. Nf3 Nf6 3. c4 c6 4. Nc3 dxc4 5. a4 Bg4 6. Ne5 Bh5 7. g3 e6 8. Bg2
Bb4 9. Nxc4 Nd5 10. Qb3 c5 11. O-O Nc6 12. Nxd5 exd5 13. dxc5 O-O 14. Nd6 Bxe2
15. Bxd5 Bxf1 16. Kxf1 Qe7 17. Be3 a5 18. Rc1 Rab8 19. Rc4 Qd7 20. Qd1 Ne7 21.
Be4 g6 22. Qd4 Qh3+ 23. Kg1 b6 24. Qf6 Qe6 25. Qxe6 fxe6 26. Rxb4 axb4 27. cxb6
Rfd8 28. Bc5 Rxb6 29. Bxb6 Rxd6 30. Bc5 Rd1+ 31. Kg2 Nd5 32. a5 Ra1 33. Bxd5
exd5 34. Bxb4 Ra4 35. Bd2 Ra2 36. Bc3 d4 37. Bxd4 Rxa5 38. b4 Ra4 39. Bc5 Ra3
40. Kh3 Rb3 41. Kg4 Kf7 42. Kf4 Ke6 43. Kg5 Rf3 44. Kh6 Rf7 45. h4 Rb7 46. g4
Ke5 47. Kg5 Ke4 48. h5 gxh5 49. gxh5 Kf3 50. Kf5 Rb8 51. h6 Rb7 52. Ke5 Kg4 53.
Kd5 Kh5 54. Kc6 Rb8 55. Kc7 Rb5 56. Kc6 Rb8 57. Bd6 Rc8+ 58. Bc7 Kxh6 59. b5
Rf8 60. f4 Kg6 61. b6 Kf5 1/2-1/2

[Event "IV Festival Magistrale"]
[Site "Amantea ITA"]
[Date "1994.09.??"]
[Round "?"]
[White "Ortega Izquierdo, Alejandro"]
[Black "Novikov, Igor A."]
[Result "1/2-1/2"]
[WhiteElo "2305"]
[BlackElo "2570"]
[PlyCount "48"]
[EventDate "1994.09.18"]

1. d4 d5 2. c4 e6 3. Bf4 dxc4 4. e3 c5 5. Bxc4 cxd4 6. exd4 Nf6 7. Nc3 Bd6 8.
Bg5 O-O 9. Nf3 Nc6 10. O-O Be7 11. Re1 b6 12. Qd3 Bb7 13. Rad1 Nd5 14. Bxd5
Bxg5 15. Be4 Nb4 16. Qb5 Bxe4 17. Rxe4 Be7 18. d5 Nxd5 19. Nxd5 exd5 20. Rxd5
Qc7 21. Rc4 Bc5 22. g3 a6 23. Qb3 Rad8 24. Rc2 Rxd5 1/2-1/2

[Event "IV Festival Magistrale"]
[Site "Amantea ITA"]
[Date "1994.09.??"]
[Round "?"]
[White "Shnaider, David"]
[Black "Komarov, Dimitri"]
[Result "0-1"]
[WhiteElo "2300"]
[BlackElo "2565"]
[PlyCount "50"]
[EventDate "1994.09.18"]

1. e4 e6 2. d3 d5 3. Nd2 Nf6 4. Ngf3 b6 5. Qe2 Bb7 6. e5 Nfd7 7. g3 c5 8. Bg2
Nc6 9. O-O g5 10. h3 Bg7 11. c4 Ndxe5 12. cxd5 Nxf3+ 13. Nxf3 Qxd5 14. Nxg5 Nd4
15. Qe4 Rd8 16. f4 h6 17. Qxd5 Bxd5 18. Bxd5 Rxd5 19. Ne4 Ne2+ 20. Kf2 Nxc1 21.
Raxc1 Bxb2 22. Rb1 Bg7 23. Ke2 Ke7 24. g4 Rhd8 25. Rf3 c4 0-1